000 00493 a2200157 4500
999 _c2431
_d2431
020 _a9780205285198
050 _aLB 10335R4 REE1999
100 _aReep, Diana C.
_eAuthor
245 _aThe educator's writing handbook /
_cDiana C. Reep and Helen M. Sharp
264 _aNeedham Heights:
_bAllyn and Bacon,
_c1999
300 _ax, 198p. :
_bill.
500 _aIncludes index
650 _aTheory of education
_xhandbooks
700 _aSharp, Helen M.
_eAuthor
942 _2lcc
_cBK
_h1033.5R4
_iREE
_kLB